| 000 | 00634cam a2200229 a 4500 | ||
|---|---|---|---|
| 001 | 4297393 | ||
| 003 | OSt | ||
| 005 | 20240619111234.0 | ||
| 008 | 860908s1987 mauaf 001 0 eng | ||
| 010 | _a 86021493 | ||
| 020 | _a0316951838 | ||
| 040 |
_aDDC _cMUST |
||
| 082 | 0 | 0 |
_a530 WOL 1987 _222 |
| 100 | 1 |
_aWolfson, Richard and Pasachoff ,Jay M. _917507 |
|
| 245 | 1 | 0 |
_aPhysics / _cRichard Wolfson, |
| 260 |
_aBoston : _bLittle, Brown, _cc1987. |
||
| 300 |
_axvi, 1081 p., _bill. (some col.) ; _c26 cm. |
||
| 504 | _aIncludes indexes | ||
| 650 | 0 |
_aPhysics. _9809 |
|
| 700 | 1 |
_aJay M. Pasachoff. _917508 |
|
| 942 |
_2ddc _cO_SHELF |
||
| 999 |
_c8650 _d8650 |
||